| 000 | 01480nam a2200361 a 4500 | ||
|---|---|---|---|
| 001 | 000011372 | ||
| 003 | DO-SdBNP | ||
| 005 | 20260305073958.0 | ||
| 007 | ta | ||
| 008 | 091016s1986 dr 000 0bspa d | ||
| 040 |
_aDO-SdBNP _bspa _cBNPHU _erda |
||
| 041 | _hspa | ||
| 082 | 4 |
_a923.27291 _bM378B, 1986 _222 |
|
| 100 | 1 |
_aBaeza Flores, Alberto, _d1914-1998 _97565 |
|
| 245 | 1 | 0 |
_aVida de José Martí / _cAlberto Baeza Flores ; presentación, Cándido Gerón. |
| 250 | _aSegunda edición | ||
| 264 | 4 |
_aSanto Domingo : _bBiblioteca Nacional Pedro Henríquez Ureña (BNPHU), _c©1986. |
|
| 300 |
_a798 páginas ; _c25 cm. |
||
| 336 |
_atexto _btxt _2rdacontent |
||
| 337 |
_asin mediación _bn _2rdamedia |
||
| 338 |
_avolumen _bnc _2rdacarrier |
||
| 490 | 0 | _aColección Orfeo | |
| 534 |
_aOriginalmente publicado : _cVida de José Martí: el hombre íntimo y el hombre público. La Habana : Comisión Nacional Organizadora de los Actos y Ediciones del Centenario del Monumento de Martí , 1954 |
||
| 586 | _aPremio Nacional del Centenario de Martí. | ||
| 590 | _aInventariado, 2024/BT | ||
| 600 | 1 | 0 |
_aMartí, José, _d1853-1895 _9645 |
| 651 | 7 |
_aCuba _xHistoria _y1810-1899 _92159 _2LEMB |
|
| 651 | 7 |
_aCuba _xHistoria _yGuerra de Independencia, 1895-1898 _911019 _2LEMB |
|
| 700 | 1 |
_aGerón, Candido, _d1948- _eautora _4aut. _93577 |
|
| 710 | 2 |
_aBiblioteca Nacional Pedro Henríquez Ureña _981292 |
|
| 910 | _aValidado. Control de calidad MMOLINA | ||
| 942 |
_2ddc _cLBS1 |
||
| 999 |
_c11079 _d11079 |
||